banner koha

Flora das cangas da Serra dos Carajás, Pará, Brasil: Begoniaceae (Registro n. 330905)

MARC details
000 -LÍDER
fixed length control field 01748nab a2200241 i 4500
003 - CÓDIGO MARC DA AGÊNCIA CATALOGADORA
Campo de controle BR-BrBNA
005 - DATA E HORA DA ÚLTIMA ATUALIZAÇÃO
Campo de controle 20250408095657.0
008 - CAMPO DE TAMANHO FIXO
fixed length control field 250408b2016 bl.qr|pooa||| 00| 0 por |
040 ## - FONTE DA CATALOGAÇÃO
Agência catalogadora BR-BrBNA
Idioma da catalogação por
072 ## - CATEGORIA AGRIS
Código AGRIS F70
100 ## - ENTRADA PRINCIPAL - NOME PESSOAL
Nome pessoal Kollmann, Ludovic Jean Charles
245 ## - TÍTULO PRINCIPAL
Título principal Flora das cangas da Serra dos Carajás, Pará, Brasil: Begoniaceae
500 ## - NOTA GERAL
Nota geral Publicação on-line; 3 ref.; 2 illus.; Summaries (En, Pt)
942 ## - ADDED ENTRY ELEMENTS (KOHA)
Koha item type Analítica
520 ## - NOTA DE RESUMO
Nota de conteúdo <br/><br/>Resumo<br/><br/>Este estudo apresenta as espécies de Begoniaceae registradas para as cangas da Serra dos Carajás, estado do<br/>Pará, com descrições, ilustrações e comentários morfológicos de cada espécie. São registradas até o momento<br/>quatro espécies de Begonia nas cangas da Serra dos Carajás: Begonia guaduensis, B. humilis, B. saxicola e<br/>B. wollnyi.<br/><br/>Palavras-chave: Begonia,FLONA Carajás, flora, taxonomia.<br/><br/><br/><br/><br/>Abstract<br/><br/>This study encompasses the species of Begoniaceae registered for the cangas of Serra dos Carajás, Pará state<br/>with descriptions, illustrations and morphological comments of the species are provided. At the moment, four<br/>species of Begonia in the cangas of The Serra dos Carajás are registered: Begonia guaduensis, B. humilis,<br/>B. saxicola e B. wollnyi.<br/><br/>Key words: Begonia, FLONA Carajás, flora, taxonomy.
650 ## - ASSUNTO - THESAGRO
Cabeçalho tópico ou nome geográfico BEGONIACEAE
650 ## - ASSUNTO - THESAGRO
Cabeçalho tópico ou nome geográfico CARAJÁS
650 ## - ASSUNTO - THESAGRO
Cabeçalho tópico ou nome geográfico FLORA
650 ## - ASSUNTO - THESAGRO
Cabeçalho tópico ou nome geográfico TAXONOMIA
773 0# - ENTRADA ANALÍTICA
Host Biblionumber 709
Registro do item 349694
Imprenta Rio de Janeiro-RJ Jardim Botanico do Rio de Janeiro 1935
Outro identificador 2025-2214
Título Rodriguésia (Brazil)
ISSN 0370-6583; 2175-7860 on-line
Colação v. 67(5 special number) p. 1247-1252; (2016)
Número de controle de registro BR2025000295
856 ## - ACESSO E ENDEREÇO ELETRÔNICO
Identificador uniforme de recurso - URI https://www.scielo.br/j/rod/a/gK9gz6TgwVQsd64BqRMs5gK/?format=pdf&lang=pt

Nenhum exemplar disponível.

BINAGRI

Telefone: (61)3218-2567/2388/3357/2097 - binagri@agro.gov.br

Ministério da Agricultura e Pecuária , Esplanada dos Ministérios, Bloco D, Anexo B, Brasília/DF, CEP: 70.043-900